| 000 | 00466nam a2200181 a 4500 | ||
|---|---|---|---|
| 005 | 20210223125906.0 | ||
| 008 | 031001s2000 mx r 000 0 spa d | ||
| 020 | _a8483063514 | ||
| 035 | _aUPN01000144111 | ||
| 049 | _aCG | ||
| 050 | 4 |
_aPQ8098.17 U4 _bM4.5 |
|
| 100 | 1 | _aGumucio, Rafael | |
| 245 | 1 | 0 |
_aMemorias prematuras / _cRafael Gumucio. |
| 260 |
_aMadrid : _bDebate, _c2000. |
||
| 300 | _a191 p. | ||
| 650 | 4 |
_aLITERATURA CHILENA _911995 |
|
| 905 | _aLibro | ||
| 999 |
_c116258 _d116258 |
||